000 00311pab a2200145 454500
008 180718b1997 xxu||||| |||| 00| 0 eng d
100 _aSingh, Vishvjit P.
245 _aConcealing facts
260 _c1997
300 _ap.11
362 _a15 Nov
650 _aViolence
773 _aPioneer
909 _a36484
999 _c36484
_d36484